Central Library OPAC University of Rajshahi

দ্বিজেন্দ্রলাল : (Record no. 80077)

MARC details
000 -LEADER
fixed length control field 01034nam a2200241 a 4500
001 - CONTROL NUMBER
control field 80077
003 - CONTROL NUMBER IDENTIFIER
rucl marc code BD-RjUL
005 - DATE AND TIME OF LATEST TRANSACTION
control field 20260303143718.0
008 - FIXED-LENGTH DATA ELEMENTS--GENERAL INFORMATION
fixed length control field 220703r20191971ii ||||| |||| 00| 0 ben d
035 ## - SYSTEM CONTROL NUMBER
System control number (BD-RjUL)80077
040 ## - CATALOGING SOURCE
Original cataloging agency BD-RjUL
Language of cataloging eng
Transcribing agency BD-RjUL
041 ## - LANGUAGE CODE
Language code of text/sound track or separate title ben
082 ## - DEWEY DECIMAL CLASSIFICATION NUMBER
Edition number 23
Classification number 891.441
Author mark and year ROD 2019
100 ## - MAIN ENTRY--PERSONAL NAME
Personal name রায়, রথীন্দ্রনাথ
9 (RLIN) 3990
245 ## - TITLE STATEMENT
Title দ্বিজেন্দ্রলাল :
Remainder of title কবি ও নাট্যকার /
Statement of responsibility, etc. রথীন্দ্রনাথ রায়
250 ## - EDITION STATEMENT
Edition statement ২য় সং.
260 ## - PUBLICATION, DISTRIBUTION, ETC. (IMPRINT)
Place of publication, distribution, etc. কলকাতা :
Name of publisher, distributor, etc. স্বপনকুমার মুখোপধ্যায়,
Date of publication, distribution, etc. ১৯৭১, [মুদ্রণ ২০১২,২০১৯]
300 ## - PHYSICAL DESCRIPTION
Pagination ৪৫৬ পৃ.;
Size ২২ সেমি.
600 ## - SUBJECT ADDED ENTRY--PERSONAL NAME
Personal name দ্বিজেন্দ্রলাল
650 ## - SUBJECT ADDED ENTRY--TOPICAL TERM
Topical term or geographic name as entry element বাংলা কবিতা
General subdivision ইতিহাস ও সমালোচনা
9 (RLIN) 2118
Topical term or geographic name as entry element Bengali Poetry
General subdivision History and Criticism
9 (RLIN) 2119
942 ## - ADDED ENTRY ELEMENTS (KOHA)
Source of classification or shelving scheme Dewey Decimal Classification
Koha item type Books
Holdings
Lost status Source of classification or shelving scheme Damaged status Not for loan Collection code Permanent Location Current Location Shelving location Date acquired Source of acquisition Cost, normal purchase price Full call number Date last seen Copy number Koha item type Total Checkouts
  Dewey Decimal Classification   Not For Loan Non-fiction Central Library, University of Rajshahi Central Library, University of Rajshahi Reading Room 10/05/2022 Dhaka: Annarakam 450.00 B 891.441 ROD 2012 03/07/2022 C-1 Books  
  Dewey Decimal Classification     Non-fiction Central Library, University of Rajshahi Central Library, University of Rajshahi General Stacks 10/05/2022 Dhaka: Annarakam 450.00 B 891.441 ROD 2012 03/07/2022 C-2 Books  
  Dewey Decimal Classification     Non-fiction Central Library, University of Rajshahi Central Library, University of Rajshahi General Stacks 26/02/2026 Omni Concept, Dhaka 750.00 B 891.441 ROD 2019 03/03/2026 C-3 Books  
  Dewey Decimal Classification     Non-fiction Central Library, University of Rajshahi Central Library, University of Rajshahi General Stacks 26/02/2026 Omni Concept, Dhaka 750.00 B 891.441 ROD 2019 03/03/2026 C-4 Books  
  Dewey Decimal Classification     Non-fiction Central Library, University of Rajshahi Central Library, University of Rajshahi General Stacks 26/02/2026 Omni Concept, Dhaka 750.00 B 891.441 ROD 2019 03/03/2026 C-5 Books  
  Dewey Decimal Classification     Non-fiction Central Library, University of Rajshahi Central Library, University of Rajshahi General Stacks 26/02/2026 Omni Concept, Dhaka 750.00 B 891.441 ROD 2019 03/03/2026 C-6 Books  
  Dewey Decimal Classification     Non-fiction Central Library, University of Rajshahi Central Library, University of Rajshahi General Stacks 26/02/2026 Omni Concept, Dhaka 750.00 B 891.441 ROD 2019 03/03/2026 C-7 Books